[Event "Wch U14 Girls"]
[Site "Heraklion"]
[Date "2004.11.13"]
[Round "11"]
[White "Zinchenko, Ylija"]
[Black "Nemcova, Katerina"]
[Result "1/2-1/2"]
[WhiteElo "1918"]
[BlackElo "2117"]
[PlyCount "85"]
[EventDate "2004.11.04"]
[EventType "swiss"]
[EventRounds "11"]
[EventCountry "GRE"]
[SourceTitle "EXT 2005"]
[Source "ChessBase"]
[SourceDate "2004.11.15"]
[SourceVersion "1"]
[SourceVersionDate "2004.11.15"]
[SourceQuality "1"]

1. d4 Nf6 2. Nc3 g6 3. e4 d6 4. f4 Bg7 5. Nf3 0-0 6. e5 dxe5 7. dxe5 Qxd1+ 8. Kxd1 Rd8+ 9. Ke1 Nd5 10. Nxd5 Rxd5 11. Bc4 Rd8 12. Be3 Bf5 13. Nd4 Be4 14. Kf2 a6 15. Rad1 Nc6 16. Nxc6 Bxc6 17. Bc5 Kf8 18. Rhe1 Ke8 19. g4 e6 20. h4 Bf8 21. Bxf8 Kxf8 22. Rd3 Ke7 23. g5 b5 24. Rxd8 Rxd8 25. Bd3 Bd5 26. a3 c5 27. Rd1 c4 28. Be2 Kd7 29. Bf3 Kc6 30. b4 a5 31. c3 axb4 32. axb4 Ra8 33. Rc1 Ra2+ 34. Be2 Ra3 35. Ke3 Ra2 36. Kf2 Kb6 37. Ke3 Kc6 38. Kf2 Be4 39. Ke3 Bd5 40. Kf2 Ra8 41. Bf1 Ra2+ 42. Be2 Be4 43. Ke3 1/2-1/2

[Event "Wch U14 Girls"]
[Site "Heraklion"]
[Date "2004.11.11"]
[Round "9"]
[White "Vazirova, Karina"]
[Black "Zinchenko, Ylija"]
[Result "0-1"]
[WhiteElo "2112"]
[BlackElo "1918"]
[PlyCount "64"]
[EventDate "2004.11.04"]
[EventType "swiss"]
[EventRounds "11"]
[EventCountry "GRE"]
[SourceTitle "EXT 2005"]
[Source "ChessBase"]
[SourceDate "2004.11.15"]
[SourceVersion "1"]
[SourceVersionDate "2004.11.15"]
[SourceQuality "1"]

1. Nf3 d5 2. d4 Nf6 3. c4 g6 4. g3 Bg7 5. Bg2 c6 6. Nbd2 0-0 7. 0-0 Bf5 8. Ne5 Nfd7 9. Qb3 Bxe5 10. dxe5 Qc7 11. cxd5 cxd5 12. Qxd5 Nc6 13. f4 Qb6+ 14. Kh1 Rad8 15. Qb3 Qa6 16. e4 Be6 17. Qc3 Nb6 18. f5 Rd3 19. Qc5 Bd7 20. Nf3 Rc8 21. Bh6 Qc4 22. Qf2 Be8 23. b3 Qb5 24. Bh3 Rc7 25. Ne1 Rd8 26. f6 e6 27. Rc1 Rcd7 28. Qe3 Qxe5 29. Bf8 g5 30. Rc5 Nd5 31. Qf3 Nd4 32. Qg4 Kxf8 0-1